000 00600nam a2200193Ia 4500
005 20250508154654.0
008 008 250505s9999 xx 000 0 eng d
037 _aTextual
040 _aFEDL
_beng
_cFEDL
041 _aeng
_2eng
084 _a301.15, PEP
_qFEDL
100 _aPepitone Albert
_9765822
245 0 _aAttraction and hostility: An experimental analysis of interpersonal and self evaluation
260 _aLondon, UK
_bTavistock Publications Limited
_c1966
300 _axviii,288p
650 _aSociology
942 _cTEXL
_h301.15, PEP
999 _c1351517
_d1351517